00486nam a2200169Ia 4500003000900000008004100009020001400050040001600064080003400080100001800114245009000132260003900222300001000261650001200271650001900283650001400302IN-BaIIA211028s9999 xx 000 0 eng d a0542-5778 cIIA Library aGEN MAT  aMathew, K. M. 0aManorama year book 1989cK. M. Mathew  aKeralabEducational Suppliesc1989 a701p. aGeneral aNASA Thesaurus aYearbooks